000 01666nam a2200373 c 4500
001 408087145
003 DE-601
005 20231027152543.0
008 990101s1937 000 0 und d
035 _a(OCoLC)179970894
035 _a(DE-599)GBV408087145
040 _bger
_cGBVCP
_aBLK
041 _aBUL
_cBUL
080 _aПолитическа журналистика
_b07:32
_z07:32
080 _aФренски революционер, утопист комунист
_b929 Бабьоф, Франсоа-Ноел
_z929 Бабьоф, Франсоа-Ноел
100 _9436023
_aFleury, Ed.
139 _aFleury, Ed.
245 1 0 _aBiographie de Babоeuf
_bEtudes revolutionnaires
_cEd. Fleury
260 _9436026
_aLaon
_bEd. Fleury et Ad. Chevergny
_cs.a.
300 _a175 с.
_c23 см
380 _a3
490 _aКолекция Редки и ценни издания
_9435080
490 _aЛична библиотека на Захари Стоянов
_9435931
_v№ 67
500 _aНа загл. стр. бел. № 1111; Печат на Русская библиотека в Цюрих; датирано : 27.ІV. 936 № 242.
650 7 _9155637
_aЖурналисти, френски - биографии
653 7 _9188985
_aкомунистическа идеология
852 _aРф 880 ЗСт
_bРц
856 _fСъдържание
_lreg users access
_qjpg
_uhttp://185.138.176.146:18082/cgi-bin/koha/opac-retrieve-file.pl?id=62b973d433f42f8640b9cfdb33707bfd
_xpicjpg
_zСъдържание
942 _2udc
_cKNG
_n0
_s1
_01
999 _c391389
_d391389
999 _d391389
999 _d391389
999 _d391389
999 _d391389
944 _k30542
_lРусанова Ирена